Grafické početní metody /

Uložené v:
Podrobná bibliografia
Hlavný autor: Langhammer, Rudolf (Author)
Médium: Kniha
Jazyk:Czech
Vydané: Praha : Státní nakladatelství technické literatury, 1958
Vydanie:1. vyd.
Edícia:Učební texty vysokých škol
ISBN: (brož.)
Fyzický popis: 239 s. : grafy.
Tagy: Pridať tag
Žiadne tagy, Buďte prvý kto otaguje tento záznam!

MARC

LEADER 00000nam a22000001 4500
001 000114721
005 20101015162446.0
008 980709s1958 xr e cze d
020 |a (brož.)  |c Kčs 21,60 
040 |a SVKKK  |b slo  |c SVKKK  |e AACR2 
041 0 |a cze 
044 |a xr  |c CZ 
100 1 |a Langhammer, Rudolf  |4 aut 
245 1 0 |a Grafické početní metody /  |c Rudolf Langhammer. 
250 |a 1. vyd. 
260 |a Praha :  |b Státní nakladatelství technické literatury,  |c 1958  |f (KNT 06) 
300 |a 239 s. :  |b grafy. 
366 |e 250 výt. 
490 1 |a Učební texty vysokých škol 
500 |a Vyd. Vys. škola žel. v Prahe 
910 |a svkkk 
998 |a BK 
090 |g SCKHL  |k Sklad Pribinova 3. posch.  |a V.17289  |j 159680  |i B204379  |4 Duplikát  |s Vyradená 
090 |g SCKHL  |k Sklad Pribinova 3. posch.  |a V.23317  |j 170134  |i 2720845380  |s Prezenčne